00485nam a2200145Mi 4500020001800000020001500018040001000033082002600043100002500069245010100094260007500195300003200270650001600302650002100318 a9789251058732 a9251058733 cNLGGC a639 FOO 2007 A083 Or.1 aSecretan, Philip A.D10aGuidelines to meet insurance and other risk management needs in developing aquaculture in Asia / aRome :bFood and Agriculture Organization of the United Nations,c2007 axi, 148 p. :bill. ;c30 cm 0aAquaculture 0aRisk (Insurance)